Welcome to the Holygrace Academy Library

Please use search bar below to get started

CHIRIYUM CHINTHAYUM OSHO KATHAKALILUDE (Record no. 9068)

MARC details
000 -LEADER
fixed length control field 00368nam a22001337a 4500
082 ## - DEWEY DECIMAL CLASSIFICATION NUMBER
Classification number 894.812
Item number VEN/C
100 ## - MAIN ENTRY--AUTHOR NAME
Personal name VENU
245 ## - TITLE STATEMENT
Title CHIRIYUM CHINTHAYUM OSHO KATHAKALILUDE
246 ## - VARYING FORM OF TITLE
Title proper/short title CHIRIYUM CHINTHAYUM OSHO KATHAKALILUDE
Remainder of title CHIRIYUM CHINTHAYUM OSHO KATHAKALILUDE
260 ## - PUBLICATION, DISTRIBUTION, ETC. (IMPRINT)
Place of publication KOZHIKODU
Name of publisher CUNEIFORM
Year of publication 2024
300 ## - PHYSICAL DESCRIPTION
Number of Pages 96
650 ## - SUBJECT ADDED ENTRY--TOPICAL TERM
Topical Term MALAYALAM STUDY
942 ## - ADDED ENTRY ELEMENTS (KOHA)
Koha item type Books
Holdings
Withdrawn status Lost status Collection code Home library Current library Shelving location Date acquired Source of acquisition Cost, normal purchase price Full call number Accession Number Koha item type
    Non-fiction Main Library Main Library NEW SHELF WITH NEW ENTRY 06/02/2025 COTRIBUTION 140.00 894.812 VEN/C 13791 Books